| 000 | 01454nam a2200181Ia 4500 | ||
|---|---|---|---|
| 008 | 151202s9999||||xx |||||||||||||| ||und|| | ||
| 082 | _bPNVM-79970 | ||
| 100 | _aआर्चर जेफ्री/अनु.सोहोनी लीना. | ||
| 245 | _aअ प्रिझनर ऑफ बर्थ-मित्राचा खून केल्याच्या आरोपावरून तुरुंगात जाणार्या व आश्चर्यकारकरित्या बाहेर येऊन | ||
| 260 | _b"मेहता पब्लिशिंग हाऊस,पुणे." | ||
| 260 | _c2013 | ||
| 300 | _a586 | ||
| 600 | _aआर्चर जेफ्री/अनु.सोहोनी लीना. | ||
| 630 | _aअ प्रिझनर ऑफ बर्थ-मित्राचा खून केल्याच्या आरोपावरून तुरुंगात जाणार्या व आश्चर्यकारकरित्या बाहेर येऊन | ||
| 700 | _aआर्चर जेफ्री/अनु.सोहोनी लीना. | ||
| 730 | _aअ प्रिझनर ऑफ बर्थ-मित्राचा खून केल्याच्या आरोपावरून तुरुंगात जाणार्या व आश्चर्यकारकरित्या बाहेर येऊन | ||
| 942 | _cBOOK | ||
| 999 |
_c1344579 _d1344576 |
||